000 01127nam a22003257a 4500
001 0004616
003 KOHA_MİRAKIL
005 20260207001419.0
007 ta
008 090506b1996 enk |||gr||||#||||1|eng |
020 _a0521497000
040 _aTR-BiSEU
_btur
_cTR-BiSEU
_erda
041 0 _aeng
044 _cenk
050 _aP53
_b.W66 1996
100 1 _aWoods, Devon.
245 1 _aTeacher cognition in language teaching :
_bbeliefs, decision-making, and classroom practice/
_cDevon Woods ; Devon Woods.
264 1 _aCambridge [England] ; New York :
_bCambridge University Press
_c1996
300 _axii, 316 sayfa: resimli
336 _ametin
_btxt
_2rdacontent
337 _aaracısız
_bn
_2rdamedia
338 _acilt
_bnc
_2rdacarrier
490 0 _aThe Cambridge applied linguistics series
500 _aIncludes bibliographical references and indexes.
650 0 _aLanguage and languages--Study and teaching.
_911395
650 0 _aLanguage teachers--Psychology.
_911396
650 0 _aCurriculum planning.
_911369
830 0 _aThe Cambridge applied linguistics series
_911397
942 _2lcc
_cBK
999 _c4598
_d4598